000 00529nam a2200181Ia 4500
005 20250326124628.0
008 250326s9999 xx 000 0 und d
037 _aTextbook
040 _aFMSL
_beng
_cFMSL
041 _aeng
_2eng
084 _aX:8:(B28) L7.1
_qFMSL
100 _aTapiero C S
245 0 _aManagerial planning: optimum and stochastic control approach
_cTapiero C S
260 _aNY
_bNY, Gordon And Breach
_c1977
300 _a240p
942 _cTB
_hX:8:(B28) L7.1
999 _c1274475
_d1274475